[Event "Stay Safe Play From Home 207"]
[Site "T#646637Emanuel Laske"]
[Date "2020.06.07"]
[Round "6"]
[White "Bellbox"]
[Black "Haris kollari 13"]
[Result "1/2-1/2"]
[WhiteElo "2019"]
[BlackElo "1974"]
[Annotator "NA RC"]
[PlyCount "237"]
[EventDate "2020.06.07"]
[EventType "swiss (blitz)"]

1. e4 {[%emt 0:00:02]} e6 {[%emt 0:00:01]} 2. d4 {[%emt 0:00:01]} d5 {[%emt 0:00:01]} 3. Nd2 {[%emt 0:00:00]} Nf6 {[%emt 0:00:01]} 4. e5 {[%emt 0:00:01]} Nfd7 {[%emt 0:00:01]} 5. Bd3 {[%emt 0:00:00]} c5 {[%emt 0:00:01]} 6. c3 {[%emt 0:00:01]} Nc6 {[%emt 0:00:00]} 7. Ne2 {[%emt 0:00:01]} c4 {[%emt 0:00:01]} 8. Bc2 {[%emt 0:00:04]} b5 {[%emt 0:00:00]} 9. f4 {[%emt 0:00:01]} Nb6 {[%emt 0:00:01]} 10. Nf3 {[%emt 0:00:01]} Bd7 {[%emt 0:00:01]} 11. O-O {[%emt 0:00:02]} Qc7 {[%emt 0:00:02]} 12. f5 {[%emt 0:00:02]} exf5 {[%emt 0:00:02]} 13. Ng3 {[%emt 0:00:10]} g6 {[%emt 0:00:01]} 14. Bg5 {[%emt 0:00:09]} Bg7 {[%emt 0:00:05]} 15. Qd2 {[%emt 0:00:08]} Be6 {[%emt 0:00:01]} 16. Rae1 {[%emt 0:00:17]} h6 {[%emt 0:00:02]} 17. Bf6 {[%emt 0:00:01]} Bxf6 {[%emt 0:00:02]} 18. exf6 {[%emt 0:00:00]} O-O-O {[%emt 0:00:01]} 19. b3 {[%emt 0:00:15]} a6 {[%emt 0:00:04]} 20. a4 {[%emt 0:00:05]} Kb7 {[%emt 0:00:01]} 21. axb5 {[%emt 0:00:01]} axb5 {[%emt 0:00:01]} 22. Rb1 {[%emt 0:00:17]} Ra8 {[%emt 0:00:08]} 23. Bd1 {[%emt 0:00:09]} f4 {[%emt 0:00:09]} 24. Ne2 {[%emt 0:00:07]} g5 {[%emt 0:00:01]} 25. Nc1 {[%emt 0:00:13]} Bf5 {[%emt 0:00:02]} 26. Rb2 {[%emt 0:00:02]} Ra1 {[%emt 0:00:09]} 27. Be2 {[%emt 0:00:02]} Re8 {[%emt 0:00:06]} 28. bxc4 {[%emt 0:00:02]} bxc4 {[%emt 0:00:03]} 29. Na2 {[%emt 0:00:07]} Rxf1+ {[%emt 0:00:03]} 30. Bxf1 {[%emt 0:00:04]} Re6 {[%emt 0:00:05]} 31. Nb4 {[%emt 0:00:03]} Nxb4 {[%emt 0:00:02]} 32. Rxb4 {[%emt 0:00:00]} Rxf6 {[%emt 0:00:11]} 33. Qb2 {[%emt 0:00:19]} Kc8 {[%emt 0:00:07]} 34. Ne5 {[%emt 0:00:03]} Nd7 {[%emt 0:00:20]} 35. Nxd7 {[%emt 0:00:11]} Bxd7 {[%emt 0:00:01]} 36. Be2 {[%emt 0:00:01]} Bc6 {[%emt 0:00:02]} 37. Bg4+ {[%emt 0:00:05]} Kd8 {[%emt 0:00:01]} 38. Rb8+ {[%emt 0:00:02]} Ke7 {[%emt 0:00:01]} 39. Qb4+ {[%emt 0:00:04]} Rd6 {[%emt 0:00:05]} 40. Rc8 {[%emt 0:00:04]} Qb7 {[%emt 0:00:05]} 41. Qxb7+ {[%emt 0:00:08]} Bxb7 {[%emt 0:00:01]} 42. Rc7+ {[%emt 0:00:00]} Kf6 {[%emt 0:00:04]} 43. Rxb7 {[%emt 0:00:01]} Kg6 {[%emt 0:00:03]} 44. Rd7 {[%emt 0:00:05]} Rb6 {[%emt 0:00:15]} 45. Rxd5 {[%emt 0:00:01]} Rb3 {[%emt 0:00:01]} 46. Rc5 {[%emt 0:00:10]} Rxc3 {[%emt 0:00:01]} 47. Be2 {[%emt 0:00:02]} Rc1+ {[%emt 0:00:02]} 48. Kf2 {[%emt 0:00:01]} c3 {[%emt 0:00:00]} 49. Rc6+ {[%emt 0:00:03]} Kg7 {[%emt 0:00:04]} 50. Bd3 {[%emt 0:00:06]} Kf8 {[%emt 0:00:04]} 51. Be4 {[%emt 0:00:09]} Ke7 {[%emt 0:00:04]} 52. Ke2 {[%emt 0:00:01]} h5 {[%emt 0:00:08]} 53. Kd3 {[%emt 0:00:01]} Rd1+ {[%emt 0:00:10]} 54. Kxc3 {[%emt 0:00:01]} f5 {[%emt 0:00:03]} 55. Bxf5 {[%emt 0:00:03]} Rc1+ {[%emt 0:00:06]} 56. Bc2 {[%emt 0:00:02]} Rg1 {[%emt 0:00:01]} 57. Be4 {[%emt 0:00:04]} Kd7 {[%emt 0:00:02]} 58. Rc5 {[%emt 0:00:02]} g4 {[%emt 0:00:05]} 59. Rxh5 {[%emt 0:00:01]} Re1 {[%emt 0:00:03]} 60. Kd3 {[%emt 0:00:01]} Rd1+ {[%emt 0:00:02]} 61. Ke2 {[%emt 0:00:01]} Rxd4 {[%emt 0:00:01]} 62. Bf5+ {[%emt 0:00:01]} Ke7 {[%emt 0:00:02]} 63. Bxg4 {[%emt 0:00:01]} Kf6 {[%emt 0:00:01]} 64. Rf5+ {[%emt 0:00:02]} Kg6 {[%emt 0:00:01]} 65. Kf3 {[%emt 0:00:01]} Rd3+ {[%emt 0:00:05]} 66. Kxf4 {[%emt 0:00:01]} Rd2 {[%emt 0:00:01]} 67. Kg3 {[%emt 0:00:01]} Rd3+ {[%emt 0:00:02]} 68. Rf3 {[%emt 0:00:00]} Rd2 {[%emt 0:00:01]} 69. Bf5+ {[%emt 0:00:01]} Kg5 {[%emt 0:00:01]} 70. Bh3 {[%emt 0:00:02]} Rb2 {[%emt 0:00:02]} 71. Rc3 {[%emt 0:00:01]} Rb5 {[%emt 0:00:02]} 72. Kf3 {[%emt 0:00:01]} Ra5 {[%emt 0:00:02]} 73. Be6 {[%emt 0:00:01]} Re5 {[%emt 0:00:04]} 74. Bc4 {[%emt 0:00:01]} Ra5 {[%emt 0:00:02]} 75. Rd3 {[%emt 0:00:01]} Ra1 {[%emt 0:00:03]} 76. Kg3 {[%emt 0:00:02]} Kh5 {[%emt 0:00:03]} 77. Re3 {[%emt 0:00:02]} Rc1 {[%emt 0:00:02]} 78. Be2+ {[%emt 0:00:00]} Kg5 {[%emt 0:00:02]} 79. h4+ {[%emt 0:00:00]} Kf5 {[%emt 0:00:02]} 80. Kh3 {[%emt 0:00:00]} Kf4 {[%emt 0:00:02]} 81. Rf3+ {[%emt 0:00:01]} Ke4 {[%emt 0:00:01]} 82. Bd3+ {[%emt 0:00:01]} Kd4 {[%emt 0:00:03]} 83. Bf5 {[%emt 0:00:01]} Rh1+ {[%emt 0:00:02]} 84. Kg4 {[%emt 0:00:01]} Ke5 {[%emt 0:00:00]} 85. Bg6 {[%emt 0:00:02]} Ra1 {[%emt 0:00:03]} 86. Rh3 {[%emt 0:00:01]} Kf6 {[%emt 0:00:01]} 87. Be4 {[%emt 0:00:01]} Ra4 {[%emt 0:00:02]} 88. Kf4 {[%emt 0:00:01]} Kg7 {[%emt 0:00:02]} 89. h5 {[%emt 0:00:00]} Kh6 {[%emt 0:00:01]} 90. g4 {[%emt 0:00:01]} Ra5 {[%emt 0:00:01]} 91. g5+ {[%emt 0:00:00]} Rxg5 {[%emt 0:00:01]} 92. Bf5 {[%emt 0:00:01]} Rg1 {[%emt 0:00:02]} 93. Bg4 {[%emt 0:00:02]} Rf1+ {[%emt 0:00:01]} 94. Rf3 {[%emt 0:00:00]} Rxf3+ {[%emt 0:00:01]} 95. Kxf3 {[%emt 0:00:00]} Kg7 {[%emt 0:00:01]} 96. Kg3 {[%emt 0:00:00]} Kh6 {[%emt 0:00:00]} 97. Kh4 {[%emt 0:00:00]} Kg7 {[%emt 0:00:01]} 98. Bf5 {[%emt 0:00:00]} Kh6 {[%emt 0:00:01]} 99. Bd3 {[%emt 0:00:00]} Kg7 {[%emt 0:00:01]} 100. Kg4 {[%emt 0:00:00]} Kg8 {[%emt 0:00:01]} 101. Kh4 {[%emt 0:00:00]} Kg7 {[%emt 0:00:00]} 102. Kg5 {[%emt 0:00:00]} Kg8 {[%emt 0:00:01]} 103. h6 {[%emt 0:00:00]} Kh8 {[%emt 0:00:00]} 104. Kh5 {[%emt 0:00:00]} Kg8 {[%emt 0:00:00]} 105. Kg6 {[%emt 0:00:00]} Kh8 {[%emt 0:00:00]} 106. Kh5 {[%emt 0:00:00]} Kg8 {[%emt 0:00:00]} 107. Kg5 {[%emt 0:00:00]} Kh8 {[%emt 0:00:00]} 108. Be4 {[%emt 0:00:00]} Kg8 {[%emt 0:00:00]} 109. Bf3 {[%emt 0:00:00]} Kh8 {[%emt 0:00:00]} 110. Bg4 {[%emt 0:00:00]} Kg8 {[%emt 0:00:00]} 111. Bh5 {[%emt 0:00:00]} Kh8 {[%emt 0:00:00]} 112. Bg4 {[%emt 0:00:00]} Kg8 {[%emt 0:00:00]} 113. Bf3 {[%emt 0:00:00]} Kh8 {[%emt 0:00:00]} 114. Be2 {[%emt 0:00:00]} Kg8 {[%emt 0:00:00]} 115. Bf1 {[%emt 0:00:00]} Kh8 {[%emt 0:00:00]} 116. Bg2 {[%emt 0:00:00]} Kg8 {[%emt 0:00:00]} 117. Bh1 {[%emt 0:00:00]} Kh8 {[%emt 0:00:00]} 118. Bg2 {[%emt 0:00:00]} Kg8 {[%emt 0:00:00]} 119. Bf3 {[%emt 0:00:00] (Lag: Av=0.87s, max=2.2s)} 1/2-1/2

[Event "Stay Safe Play From Home 207"]
[Site "T#646637Emanuel Laske"]
[Date "2020.06.07"]
[Round "6"]
[White "Sfantul321"]
[Black "Don59as"]
[Result "1-0"]
[WhiteElo "1973"]
[BlackElo "2024"]
[Annotator "NA RC"]
[PlyCount "107"]
[EventDate "2020.06.07"]
[EventType "swiss (blitz)"]

1. c4 {[%emt 0:00:02]} e5 {[%emt 0:00:01]} 2. Nc3 {[%emt 0:00:01]} d6 {[%emt 0:00:00]} 3. g3 {[%emt 0:00:00]} g6 {[%emt 0:00:00]} 4. Bg2 {[%emt 0:00:00]} Bg7 {[%emt 0:00:01]} 5. e3 {[%emt 0:00:00]} Ne7 {[%emt 0:00:01]} 6. Nge2 {[%emt 0:00:01]} Nbc6 {[%emt 0:00:01]} 7. d3 {[%emt 0:00:01]} O-O {[%emt 0:00:02]} 8. h3 {[%emt 0:00:01]} Be6 {[%emt 0:00:03]} 9. O-O {[%emt 0:00:02]} Qd7 {[%emt 0:00:05]} 10. Kh2 {[%emt 0:00:01]} d5 {[%emt 0:00:01]} 11. cxd5 {[%emt 0:00:02]} Nxd5 {[%emt 0:00:00]} 12. a3 {[%emt 0:00:04]} Rad8 {[%emt 0:00:03]} 13. d4 {[%emt 0:00:08]} exd4 {[%emt 0:00:04]} 14. exd4 {[%emt 0:00:03]} h5 {[%emt 0:00:21]} 15. Bg5 {[%emt 0:00:05]} f6 {[%emt 0:00:03]} 16. Bd2 {[%emt 0:00:02]} Nde7 {[%emt 0:00:14]} 17. Be3 {[%emt 0:00:12]} Bc4 {[%emt 0:00:11]} 18. Re1 {[%emt 0:00:02]} Nf5 {[%emt 0:00:08]} 19. Qa4 {[%emt 0:00:02]} Bxe2 {[%emt 0:00:06]} 20. Nxe2 {[%emt 0:00:04]} Nxe3 {[%emt 0:00:06]} 21. fxe3 {[%emt 0:00:02]} g5 {[%emt 0:00:09]} 22. Qb3+ {[%emt 0:00:03]} Kh8 {[%emt 0:00:05]} 23. Qxb7 {[%emt 0:00:01]} Ne7 {[%emt 0:00:07]} 24. Qxa7 {[%emt 0:00:04]} Nf5 {[%emt 0:00:04]} 25. d5 {[%emt 0:00:05]} Qd6 {[%emt 0:00:08]} 26. e4 {[%emt 0:00:07]} Nxg3 {[%emt 0:00:08]} 27. Nxg3 {[%emt 0:00:02]} h4 {[%emt 0:00:00]} 28. Qf2 {[%emt 0:00:07]} f5 {[%emt 0:00:08]} 29. Kh1 {[%emt 0:00:09]} hxg3 {[%emt 0:00:05]} 30. Qc2 {[%emt 0:00:04]} f4 {[%emt 0:00:10]} 31. Bf3 {[%emt 0:00:01]} Rb8 {[%emt 0:00:14]} 32. Rab1 {[%emt 0:00:02]} g4 {[%emt 0:00:09]} 33. hxg4 {[%emt 0:00:06]} Qh6+ {[%emt 0:00:02]} 34. Kg1 {[%emt 0:00:01]} Bd4+ {[%emt 0:00:04]} 35. Kf1 {[%emt 0:00:09]} Bf2 {[%emt 0:00:11]} 36. Red1 {[%emt 0:00:11]} Qh3+ {[%emt 0:00:05]} 37. Ke2 {[%emt 0:00:01]} g2 {[%emt 0:00:13]} 38. Rh1 {[%emt 0:00:03]} gxh1=Q {[%emt 0:00:03]} 39. Rxh1 {[%emt 0:00:02]} Qxh1 {[%emt 0:00:02]} 40. Bxh1 {[%emt 0:00:01]} Bd4 {[%emt 0:00:04]} 41. b4 {[%emt 0:00:02]} Be5 {[%emt 0:00:05]} 42. Bf3 {[%emt 0:00:02]} Kg7 {[%emt 0:00:06]} 43. Qc6 {[%emt 0:00:08]} Bd6 {[%emt 0:00:11]} 44. Qd7+ {[%emt 0:00:04]} Rf7 {[%emt 0:00:02]} 45. Qe6 {[%emt 0:00:02]} Rbf8 {[%emt 0:00:11]} 46. g5 {[%emt 0:00:03]} Rh8 {[%emt 0:00:06]} 47. e5 {[%emt 0:00:03]} Re7 {[%emt 0:00:05]} 48. Qf6+ {[%emt 0:00:02]} Kg8 {[%emt 0:00:01]} 49. e6 {[%emt 0:00:03]} Rhh7 {[%emt 0:00:05]} 50. Be4 {[%emt 0:00:07]} Rhg7 {[%emt 0:00:02]} 51. Kf3 {[%emt 0:00:05]} Re8 {[%emt 0:00:01]} 52. Bg6 {[%emt 0:00:03]} Rf8 {[%emt 0:00:01]} 53. Bf7+ {[%emt 0:00:01]} Kh8 {[%emt 0:00:02]} 54. g6 {[%emt 0:00:06] Don59as resigns (Lag: Av=0.44s, max=0.8s)} 1-0

[Event "Stay Safe Play From Home 207"]
[Site "T#646637Emanuel Laske"]
[Date "2020.06.07"]
[Round "6"]
[White "Edmatuag"]
[Black "Lazieri3"]
[Result "0-1"]
[WhiteElo "1720"]
[BlackElo "2084"]
[Annotator "TA"]
[PlyCount "112"]
[EventDate "2020.06.07"]
[EventType "swiss (blitz)"]

{[%evp 9,112,29,32,20,50,45,47,29,43,15,49,51,56,24,24,27,27,28,48,0,23,29,39,23,23,15,33,24,24,24,100,27,27,27,27,22,22,25,20,0,33,23,99,64,93,39,94,106,83,53,86,86,86,86,84,89,86,88,91,87,90,94,95,87,79,86,55,0,0,0,34,60,34,34,34,34,35,35,35,35,47,36,33,0,0,0,0,0,0,0,21,0,0,0,0,-3,0,0,0,0,0,0,0,0,0]} 1. e4 c6 2. d4 d5 3. Bd3 dxe4 4. Bxe4 Nd7 5. Nf3 Ngf6 6. Bd3 {[#] B12: Caro-Kann: Advance Variation.} Nb6 $146 ({Predecessor:} 6... Qc7 7. O-O Nd5 8. Qe2 Nf4 9. Bxf4 Qxf4 10. Qe3 Qc7 11. Nbd2 Nf6 12. Qe5 Qxe5 {½-½ (13) Ciara,D (1990)-Eskandary,J (2155) Dresden 2010}) 7. c3 Bg4 8. Bg5 {White is slightly better.} e6 9. h3 Bh5 10. Nbd2 Be7 11. Qe2 Nfd5 12. Bxe7 Qxe7 13. Qe5 Bg6 14. Ne4 Bxe4 (14... Na4 {feels hotter.} 15. Nd6+ Kf8 16. Bxg6 hxg6 17. O-O-O Rh5) 15. Bxe4 Qf6 16. Qxf6 (16. Qg3 {looks sharper.} O-O 17. Ne5 Rad8 18. O-O Qf4 19. Rae1) 16... Nxf6 17. Bd3 O-O-O 18. O-O-O Nbd7 19. Rhe1 Nd5 {[#]} (19... Kc7 $11) 20. g3 (20. Ng5 $1 $16 {[%cal Rg5f7]} Rdf8 21. Nxh7) 20... h6 $11 21. a3 Kc7 22. c4 N5f6 23. Kc2 Rhe8 24. b4 b6 25. Kc3 c5 (25... a5 $11) 26. Bc2 a6 27. Ba4 (27. dxc5 $16 bxc5 28. Re2) 27... Re7 (27... b5 $14 28. cxb5 Nb6) 28. dxc5 $16 bxc5 29. Bxd7 (29. Bc2 {seems wilder.} Rb8 30. Nd2 Ree8 31. Nb3 cxb4+ 32. axb4 Rec8 33. Be4) 29... cxb4+ 30. axb4 {[#] Threatens to win with Ba4.} Rexd7 31. Rxd7+ Nxd7 {[%mdl 4096] Endgame KRN-KRN} 32. Rd1 Rb8 33. Ra1 Kb7 34. Nd4 Ne5 35. f4 Nd7 36. c5 {aiming for c6+.} Nf6 37. Kc4 Nd5 38. Nf5 ({White should try} 38. Ra3 $14) 38... Nb6+ $11 39. cxb6 exf5 {KR-KR} 40. b5 Rc8+ 41. Kb4 Kxb6 42. Rxa6+ Kb7 43. Rd6 {Black must now prevent Rd7+.} Rc7 44. Rd8 Re7 45. Kc5 Rc7+ 46. Kd6 {Strongly threatening Rd7.} Rc3 {The position is equal.} 47. Rd7+ Kb6 48. Rxf7 Rxg3 49. Ke5 g5 50. fxg5 hxg5 51. Rxf5 Rxh3 52. Rxg5 Rh1 53. Kf6 Re1 54. Rf5 Re2 55. Kg5 Re1 56. Kf6 Rg1 {[%mdl 32768] Accuracy: White = 79%, Black = 78%. . Loss on time!?} 0-1

[Event "Stay Safe Play From Home 207"]
[Site "T#646637Emanuel Laske"]
[Date "2020.06.07"]
[Round "6"]
[White "Möwe"]
[Black "Justwatch"]
[Result "1/2-1/2"]
[WhiteElo "1649"]
[BlackElo "1565"]
[Annotator "NA RC"]
[PlyCount "136"]
[EventDate "2020.06.07"]
[EventType "swiss (blitz)"]

1. e4 {[%emt 0:00:13]} Nf6 {[%emt 0:00:00]} 2. e5 {[%emt 0:00:01]} Nd5 {[%emt 0:00:02]} 3. d4 {[%emt 0:00:00]} d6 {[%emt 0:00:01]} 4. c4 {[%emt 0:00:01]} Nb6 {[%emt 0:00:01]} 5. exd6 {[%emt 0:00:03]} cxd6 {[%emt 0:00:00]} 6. Nf3 {[%emt 0:00:01]} g6 {[%emt 0:00:00]} 7. Nc3 {[%emt 0:00:04]} Bg4 {[%emt 0:00:00]} 8. Be2 {[%emt 0:00:02]} Nc6 {[%emt 0:00:02]} 9. d5 {[%emt 0:00:04]} Bxf3 {[%emt 0:00:01]} 10. Bxf3 {[%emt 0:00:03]} Ne5 {[%emt 0:00:00]} 11. Be2 {[%emt 0:00:02]} Nexc4 {[%emt 0:00:01]} 12. O-O {[%emt 0:00:03]} Ne5 {[%emt 0:00:01]} 13. Bb5+ {[%emt 0:00:07]} Ned7 {[%emt 0:00:02]} 14. Re1 {[%emt 0:00:02]} Bg7 {[%emt 0:00:01]} 15. Qe2 {[%emt 0:00:02]} Bf6 {[%emt 0:00:03]} 16. Bh6 {[%emt 0:00:04]} a6 {[%emt 0:00:04]} 17. Bxd7+ {[%emt 0:00:04]} Qxd7 {[%emt 0:00:01]} 18. Ne4 {[%emt 0:00:01]} O-O-O {[%emt 0:00:04]} 19. Nxf6 {[%emt 0:00:04]} exf6 {[%emt 0:00:00]} 20. Qd3 {[%emt 0:00:18]} Kb8 {[%emt 0:00:04]} 21. Qd4 {[%emt 0:00:03]} Na8 {[%emt 0:00:06]} 22. Bg7 {[%emt 0:00:05]} Rhe8 {[%emt 0:00:03]} 23. Bxf6 {[%emt 0:00:01]} Rxe1+ {[%emt 0:00:02]} 24. Rxe1 {[%emt 0:00:00]} Re8 {[%emt 0:00:01]} 25. Rxe8+ {[%emt 0:00:04]} Qxe8 {[%emt 0:00:00]} 26. g3 {[%emt 0:00:07]} Nc7 {[%emt 0:00:02]} 27. Bg5 {[%emt 0:00:09]} Qe5 {[%emt 0:00:04]} 28. Qh4 {[%emt 0:00:12]} h5 {[%emt 0:00:07]} 29. Be3 {[%emt 0:00:06]} f6 {[%emt 0:00:07]} 30. Qc4 {[%emt 0:00:19]} Qxd5 {[%emt 0:00:04]} 31. Qc3 {[%emt 0:00:04]} Qe5 {[%emt 0:00:09]} 32. Bd4 {[%emt 0:00:03]} Qf5 {[%emt 0:00:09]} 33. Bxf6 {[%emt 0:00:02]} Nd5 {[%emt 0:00:01]} 34. Qd4 {[%emt 0:00:15]} Nxf6 {[%emt 0:00:02]} 35. Qxd6+ {[%emt 0:00:01]} Ka7 {[%emt 0:00:02]} 36. h3 {[%emt 0:00:07]} Ne4 {[%emt 0:00:03]} 37. Qd4+ {[%emt 0:00:02]} Kb8 {[%emt 0:00:01]} 38. Kg2 {[%emt 0:00:02]} Ng5 {[%emt 0:00:03]} 39. Qd8+ {[%emt 0:00:03]} Ka7 {[%emt 0:00:01]} 40. Qd4+ {[%emt 0:00:05]} Kb8 {[%emt 0:00:04]} 41. Qd8+ {[%emt 0:00:02]} Ka7 {[%emt 0:00:00]} 42. Qd4+ {[%emt 0:00:02]} b6 {[%emt 0:00:00]} 43. h4 {[%emt 0:00:07]} Qf3+ {[%emt 0:00:02]} 44. Kg1 {[%emt 0:00:01]} Nh3+ {[%emt 0:00:02]} 45. Kf1 {[%emt 0:00:01]} a5 {[%emt 0:00:14]} 46. Ke1 {[%emt 0:00:05]} Ng1 {[%emt 0:00:06]} 47. Qd7+ {[%emt 0:00:15]} Ka6 {[%emt 0:00:04]} 48. Qe7 {[%emt 0:00:05]} a4 {[%emt 0:00:07]} 49. Kf1 {[%emt 0:00:04]} Nh3 {[%emt 0:00:03]} 50. Qe2+ {[%emt 0:00:02]} Qxe2+ {[%emt 0:00:04]} 51. Kxe2 {[%emt 0:00:00]} Kb5 {[%emt 0:00:03]} 52. b3 {[%emt 0:00:03]} axb3 {[%emt 0:00:04]} 53. axb3 {[%emt 0:00:01]} Kb4 {[%emt 0:00:00]} 54. f3 {[%emt 0:00:00]} Kxb3 {[%emt 0:00:02]} 55. g4 {[%emt 0:00:01]} Kc4 {[%emt 0:00:03]} 56. Ke3 {[%emt 0:00:02]} b5 {[%emt 0:00:02]} 57. gxh5 {[%emt 0:00:01]} gxh5 {[%emt 0:00:01]} 58. f4 {[%emt 0:00:01]} Nxf4 {[%emt 0:00:02]} 59. Kxf4 {[%emt 0:00:01]} b4 {[%emt 0:00:00]} 60. Ke3 {[%emt 0:00:01]} b3 {[%emt 0:00:00]} 61. Kd2 {[%emt 0:00:00]} Kd4 {[%emt 0:00:00]} 62. Kc1 {[%emt 0:00:01]} Ke4 {[%emt 0:00:00]} 63. Kb2 {[%emt 0:00:00]} Kf4 {[%emt 0:00:00]} 64. Kxb3 {[%emt 0:00:00]} Kg4 {[%emt 0:00:00]} 65. Kc2 {[%emt 0:00:01]} Kxh4 {[%emt 0:00:00]} 66. Kd2 {[%emt 0:00:00]} Kg3 {[%emt 0:00:00]} 67. Ke2 {[%emt 0:00:01]} Kg2 {[%emt 0:00:00]} 68. Ke3 {[%emt 0:00:01]} h4 {[%emt 0:00:00] Justwatch beraberlik teklif ediyor (Lag: Av=0.44s, max=1.0s)} 1/2-1/2

[Event "Stay Safe Play From Home 207"]
[Site "T#646637Emanuel Laske"]
[Date "2020.06.07"]
[Round "7"]
[White "Lazieri3"]
[Black "Bellbox"]
[Result "0-1"]
[WhiteElo "2088"]
[BlackElo "2017"]
[Annotator "TA"]
[PlyCount "140"]
[EventDate "2020.06.07"]
[EventType "swiss (blitz)"]

{[%evp 9,140,106,92,0,-7,-37,22,27,29,25,29,22,27,-14,-6,0,0,7,37,0,96,73,75,75,75,77,79,65,66,57,71,56,61,15,217,208,506,497,532,532,507,228,236,229,220,218,202,120,108,74,74,68,70,70,71,68,70,60,70,49,68,61,67,70,86,58,60,54,58,-14,-2,-5,-9,-126,-10,-262,-268,-295,-282,-398,-439,-664,-657,-1220,-1184,-1165,-1119,-1513,-25,-25,-25,-25,-25,-42,-42,-42,-42,-42,-41,-41,-41,-41,-41,-41,0,-33,-3,-33,0,-33,-33,-33,-33,-33,-2,-29,0,-33,-33,-71,-71,-12836,-12836,-29989,-29990,-29990,-29991,-29991,-29992,-29992,-29992,-29992,-29993]} 1. e4 e5 2. Nf3 f5 3. Nxe5 Qf6 4. d4 d6 5. Nc4 fxe4 6. Qh5+ {C40: Latvian and Elephant Gambits.} (6. Nc3 $16) 6... g6 $1 $11 {[%cal Rg6h5]} 7. Qd5 Qe6 ({Black should play} 7... Ne7 $15 8. Qxe4 Nbc6) 8. Nc3 {The position is equal.} Nf6 9. Qxe6+ Bxe6 10. Bg5 {[#]} Nbd7 $146 ({Predecessor:} 10... Bg7 11. O-O-O d5 12. Ne3 c6 13. Be2 Nbd7 14. f3 exf3 15. Bxf3 O-O-O 16. h3 Rde8 {½-½ (27) Pecina,O (1792)-Kouba,P (1744) Pardubice/Chrudim 2001}) 11. O-O-O d5 12. Ne5 $36 {[%mdl 2048] White is pushing.} c6 13. f3 Bg7 14. fxe4 (14. Nxd7 {looks sharper.} Kxd7 15. Bxf6 Bxf6 16. fxe4 Bg4 17. Rd3) 14... dxe4 (14... Nxe5 $11 15. Bxf6 Bxf6 16. exd5 Ng4) 15. Nxd7 (15. Bc4 {seems wilder.} Bxc4 16. Nxc4 O-O 17. Rhe1 b5 18. Nd6) 15... Bxd7 16. Bxf6 Bxf6 17. Nxe4 Be7 18. Bc4 O-O-O 19. Rhe1 Rhf8 20. a3 Rde8 21. d5 Bf5 $2 {[#]} (21... Rf4 $11 {and Black has nothing to worry.} 22. Rd4 Bc5) 22. d6 $1 $18 {[%cal Rd6e7]} Bxe4 $2 (22... Bh4) 23. d7+ ({Inferior is} 23. dxe7 Rxe7 24. Bd3 Rfe8 $11) 23... Kb8 {Black wants to play ...Bg5+.} 24. dxe8=Q+ Rxe8 25. Bf7 (25. Kb1 $142) 25... Bg5+ 26. Kb1 Re7 27. Bc4 Kc7 28. Bd3 ({Better is} 28. g3 $18) 28... Bxg2 $16 29. Rxe7+ (29. Rg1 {is more complex.} Bf3 30. Rdf1 Be3 31. Rg3 Bh5 32. Re1) 29... Bxe7 {[%mdl 4096] Endgame KRB-KB} 30. Rg1 Bd5 31. Re1 Kd6 32. Be4 Be6 33. Rd1+ Kc7 34. Bf3 Bd6 35. h4 Bg3 36. h5 g5 37. Rg1 Bf4 38. Re1 Kd6 39. Rd1+ (39. h6 $1 $14) 39... Ke7 40. Be4 h6 41. Bg6 {[#]} (41. c3 $11) 41... Kf6 (41... g4 $1 $17 {Threatening ...g3.} 42. Rf1 g3) 42. Rd8 $2 {[%mdl 8192]} (42. Rf1 $11) 42... g4 $19 43. Rf8+ Kg5 44. Re8 (44. Bd3 $142) 44... Bd5 45. Re7 (45. c4 $142 Bxc4 46. Be4) 45... g3 46. b3 g2 47. Re1 {[#]} Be3 $1 {[%mdl 512]} 48. c4 (48. Rxe3 g1=Q+) 48... g1=Q $2 (48... Bf3 $19 49. Kc2 g1=Q 50. Rxg1+ Bxg1) 49. Rxg1+ $11 Bxg1 50. cxd5 cxd5 {KB-KB} 51. Kc2 Kf4 52. Kd3 Ke5 53. a4 a5 54. Bf7 b6 55. Bg6 Bh2 56. Bh7 d4 57. Bg8 Bg1 58. Bh7 Kd6 59. Bg6 Kc5 60. Bf7 Kb4 61. Bg8 Ka3 62. Bf7 Kb4 63. Bc4 Be3 64. Bb5 Kxb3 65. Bc4+ $2 {[%mdl 8192]} (65. Bc6 $17) 65... Kxa4 $19 66. Bb5+ Kxb5 {Black mates.} 67. Ke4 a4 {[%cal Ba5a4,Ba4a3,Ba3a2][%mdl 32]} 68. Kd3 a3 69. Ke4 Ka4 70. Kf5 a2 {A wild game. Accuracy: White = 46%, Black = 68%.} 0-1

[Event "Stay Safe Play From Home 207"]
[Site "T#646637Emanuel Laske"]
[Date "2020.06.07"]
[Round "7"]
[White "Don59as"]
[Black "Möwe"]
[Result "1-0"]
[WhiteElo "2005"]
[BlackElo "1645"]
[Annotator "NA RC"]
[PlyCount "69"]
[EventDate "2020.06.07"]
[EventType "swiss (blitz)"]

1. c4 {[%emt 0:00:02]} c5 {[%emt 0:00:02]} 2. Nc3 {[%emt 0:00:01]} Nc6 {[%emt 0:00:01]} 3. g3 {[%emt 0:00:01]} e6 {[%emt 0:00:01]} 4. Bg2 {[%emt 0:00:00]} Nf6 {[%emt 0:00:00]} 5. e4 {[%emt 0:00:01]} Be7 {[%emt 0:00:03]} 6. Nge2 {[%emt 0:00:01]} d6 {[%emt 0:00:03]} 7. O-O {[%emt 0:00:01]} O-O {[%emt 0:00:01]} 8. d4 {[%emt 0:00:01]} cxd4 {[%emt 0:00:01]} 9. Nxd4 {[%emt 0:00:00]} e5 {[%emt 0:00:02]} 10. Nde2 {[%emt 0:00:04]} Be6 {[%emt 0:00:06]} 11. b3 {[%emt 0:00:01]} a6 {[%emt 0:00:07]} 12. h3 {[%emt 0:00:02]} Qd7 {[%emt 0:00:03]} 13. Kh2 {[%emt 0:00:01]} h6 {[%emt 0:00:07]} 14. Bb2 {[%emt 0:00:03]} h5 {[%emt 0:00:19]} 15. Na4 {[%emt 0:00:03]} Qc7 {[%emt 0:00:08]} 16. Rc1 {[%emt 0:00:04]} Rad8 {[%emt 0:00:05]} 17. f4 {[%emt 0:00:02]} exf4 {[%emt 0:00:36]} 18. Nxf4 {[%emt 0:00:03]} h4 {[%emt 0:00:07]} 19. Nd5 {[%emt 0:00:02]} hxg3+ {[%emt 0:00:06]} 20. Kxg3 {[%emt 0:00:01]} Bxd5 {[%emt 0:00:09]} 21. cxd5 {[%emt 0:00:02]} Ne5 {[%emt 0:00:01]} 22. Rxc7 {[%emt 0:00:03]} Rd7 {[%emt 0:00:06]} 23. Rxd7 {[%emt 0:00:04]} Nfxd7 {[%emt 0:00:01]} 24. Bxe5 {[%emt 0:00:07]} Nxe5 {[%emt 0:00:03]} 25. Nb6 {[%emt 0:00:02]} Bf6 {[%emt 0:00:11]} 26. Kh2 {[%emt 0:00:17]} Ng6 {[%emt 0:00:02]} 27. Rxf6 {[%emt 0:00:05]} gxf6 {[%emt 0:00:02]} 28. Nd7 {[%emt 0:00:05]} Rd8 {[%emt 0:00:04]} 29. Nxf6+ {[%emt 0:00:02]} Kg7 {[%emt 0:00:00]} 30. Nh5+ {[%emt 0:00:08]} Kh6 {[%emt 0:00:03]} 31. Ng3 {[%emt 0:00:01]} Ne5 {[%emt 0:00:11]} 32. Qh5+ {[%emt 0:00:02]} Kg7 {[%emt 0:00:01]} 33. Qg5+ {[%emt 0:00:03]} Kh7 {[%emt 0:00:09]} 34. Qxd8 {[%emt 0:00:02]} Nf3+ {[%emt 0:00:00]} 35. Bxf3 {[%emt 0:00:02] Möwe gibt auf (Lag: Av=0.47s, max=0.8s)} 1-0